[Event "Subang Jaya op 12th"]
[Site "Subang Jaya"]
[Date "2024.01.27"]
[Round "3"]
[White "Sinnapar, Amirthen Yohann"]
[Black "Syawal, Aqmar Shahrir Ariff"]
[Result "1/2-1/2"]
[WhiteElo "1233"]
[BlackElo "1452"]
[PlyCount "84"]
[EventDate "2024.01.27"]
[EventType "swiss"]
[EventRounds "8"]
[EventCountry "MAS"]
[SourceTitle "CB06_2024"]
[SourceDate "2024.02.07"]
[SourceVersion "1"]
[SourceVersionDate "2024.02.07"]
[SourceQuality "1"]

1. d4 d6 2. Nc3 c6 3. e4 Nf6 4. f3 Qb6 5. Rb1 e5 6. Be3 Be7 7. Qd2 Qc7 8. Bc4 b5 9. Bb3 a5 10. a4 b4 11. Nce2 0-0 12. Nh3 Na6 13. c3 Bxh3 14. gxh3 Qc8 15. Ng1 Nh5 16. Qg2 Bh4+ 17. Kd2 bxc3+ 18. bxc3 exd4 19. cxd4 c5 20. Qg4 cxd4 21. Bxd4 Qxg4 22. hxg4 Nf4 23. Ne2 Ne6 24. Be3 Nac5 25. Bd5 Rab8 26. Nc3 Rb4 27. Rxb4 axb4 28. Nb5 Nxa4 29. Nxd6 Bf6 30. Kc2 Rb8 31. Rb1 Nc3 32. Rb3 Nxd5 33. exd5 Nc7 34. Rd3 Be7 35. Nf5 Bd8 36. Bf4 b3+ 37. Kb1 Rb7 38. Bxc7 Rxc7 39. Rxb3 g6 40. d6 Rd7 41. Ne7+ Bxe7 42. dxe7 Rxe7 1/2-1/2